000 00719nam a22002657a 4500
003 CHAP
005 20220329140255.0
008 971013s1953 r 00010 d
010 _a49599
011 _a50571
035 _a54721
040 _cCHAP
082 _a631.45
_bF38
100 0 0 _aFaulkner, Edward Hubert.
_939832
245 _aSoil restoration
260 _aLondon :
_bMichael Joseph,
_c1953
300 _a207 p.
590 _aBATCH-UPD
_b10
_c20130110
_lUCH01
_h0358
590 _aCONVERSION
_b10
_c20130109
_lUCH01
_h1327
650 1 4 _aFertilizantes y abonos.
_940646
650 1 4 _aSuelos.
_9110191
901 _aBK
942 _cLIBRO
949 _a631.45 F38
_bBC
_cLIBRO
_d-120556
_eLIBRO
_h21364
_i54721
_si
999 _c49599
_d49599